Hazop and hazan : identifying and assessing process industry hazards /

Guardado en:
Autor Principal: Kletz, Trevor A.
Formato: Libro
Idioma:English
Publicado: Philadelphia, PA : Taylor & Francis, 1999.
Edición:4th ed.
Materias:
Acceso en línea:Descripción
Etiquetas: Agregar Etiqueta
Sin Etiquetas, Sea el primero en etiquetar este registro!
LEADER 00869cam a22002295a 4500
001 EIQ.libpla002952
008 990405s1999####paua#####b####001#0#eng#d
005 20070921174339.0
245 1 0 |a Hazop and hazan :  |b identifying and assessing process industry hazards /  |c Trevor Kletz. 
250 |a 4th ed. 
260 |a Philadelphia, PA :  |b Taylor & Francis,  |c 1999. 
300 |a xi, 232 p. :  |b il. ;  |c 24 cm. 
504 |a Incluye referencias bibliográficas e índice. 
020 |a 1560328584 (alk. paper) 
100 1 |a Kletz, Trevor A. 
082 0 0 |a 660/.2804  |2 21 
650 0 |a Ingeniería química  |x Medidas de seguridad. 
650 0 |a Chemical engineering  |x Safety measures. 
010 |a  99028215  
040 |a DLC  |c DLC  |d AR-BbSID 
856 4 2 |3 Descripción  |u http://www.loc.gov/catdir/enhancements/fy0653/99028215-d.html 
859 |a AR-BbSID  |b BIB. PLAPIQUI  |h 660.280 4  |i K 67  |p 5508